[Event "ch-CUB"]
[Site "Las Tunas CUB"]
[Date "2009.01.23"]
[Round "4"]
[White "Gonzalez Vidal, Y."]
[Black "Almeida Quintana, O."]
[Result "1/2-1/2"]
[WhiteElo "2507"]
[BlackElo "2521"]
[PlyCount "59"]
[EventDate "2009.01.20"]
[SourceDate "1999.07.01"]

1. e4 e5 2. Nf3 Nc6 3. Bb5 a6 4. Bxc6 dxc6 5. O-O f6 6. d4 exd4 7. Nxd4 c5 8.
Nb3 Qxd1 9. Rxd1 Bg4 10. f3 Bd7 11. Nc3 O-O-O 12. Bf4 c4 13. Na5 Bc5+ 14. Kf1
b5 15. Nd5 Ne7 16. Bxc7 Nxd5 17. Rxd5 Kxc7 18. Rxc5+ Kb6 19. b4 cxb3 20. Nxb3
Be6 21. Rc3 a5 22. a4 Rc8 23. Rxc8 Rxc8 24. axb5 Bxb3 25. cxb3 Kxb5 26. Kf2
Rc2+ 27. Kg3 Rb2 28. Ra3 Kb4 29. Ra4+ Kb5 30. Ra3 1/2-1/2

[Event "It A"]
[Site "Nancy FRA"]
[Date "2009.02.22"]
[Round "9"]
[White "Meier, Geo"]
[Black "Gozzoli, Y."]
[Result "1/2-1/2"]
[WhiteElo "2608"]
[BlackElo "2503"]
[PlyCount "51"]
[EventDate "2009.02.16"]
[SourceDate "1999.07.01"]

1. e4 e5 2. Nf3 Nc6 3. Bb5 a6 4. Bxc6 dxc6 5. O-O f6 6. d4 exd4 7. Nxd4 c5 8.
Nb3 Qxd1 9. Rxd1 Bg4 10. f3 Bd7 11. Bf4 O-O-O 12. Nc3 c4 13. Na5 Bc5+ 14. Kh1
b5 15. Nd5 Ne7 16. Bxc7 Nxd5 17. Bxd8 Ne3 18. Nb7 Nxd1 19. Nxc5 Nf2+ 20. Kg1
Nxe4 21. fxe4 Rxd8 22. Rd1 Bc6 23. Rxd8+ Kxd8 24. Kf2 Ke7 25. Ke3 a5 26. Kd4
1/2-1/2

[Event "Bundesliga 2008-9"]
[Site "Eppingen GER"]
[Date "2009.02.28"]
[Round "12"]
[White "Bindrich, F."]
[Black "Areshchenko, A."]
[Result "1/2-1/2"]
[WhiteElo "2517"]
[BlackElo "2664"]
[PlyCount "89"]
[EventDate "2008.10.03"]
[SourceDate "1999.07.01"]

1. e4 e5 2. Nf3 Nc6 3. Bb5 a6 4. Bxc6 dxc6 5. O-O Qf6 6. d4 exd4 7. Bg5 Qd6 8.
Qxd4 Qxd4 9. Nxd4 Bd7 10. Nc3 Ne7 11. Rad1 O-O-O 12. Rd2 h6 13. Be3 Ng6 14. f4
Bb4 15. Nde2 Rhe8 16. Rfd1 Bf8 17. Kf2 c5 18. h3 Bc6 19. Rxd8+ Rxd8 20. Rxd8+
Kxd8 21. Ng3 b6 22. Nf5 Ne7 23. Nxe7 Kxe7 24. g4 g6 25. b3 Kd6 26. Bd2 Bg7 27.
Ke3 f5 28. gxf5 gxf5 29. exf5 Bd4+ 30. Kd3 Bg2 31. h4 Bf1+ 32. Ke4 Bg2+ 33. Kd3
Ke7 34. Nd1 Bh3 35. Ne3 Bxe3 36. Kxe3 Bxf5 37. c3 a5 38. a3 Kd6 39. b4 a4 40.
c4 h5 41. Bc3 Kc6 42. Kd2 Bh3 43. b5+ Kd7 44. Be5 c6 45. bxc6+ 1/2-1/2

[Event "Moscow Open A 2013"]
[Site "Moscow RUS"]
[Date "2013.02.05"]
[Round "4.8"]
[White "Kokarev, Dm"]
[Black "Kovalev, Vl"]
[Result "1-0"]
[WhiteElo "2635"]
[BlackElo "2500"]
[PlyCount "111"]
[EventDate "2013.02.02"]
[SourceDate "1999.07.01"]

1. e4 e5 2. Nf3 Nc6 3. Bb5 a6 4. Bxc6 dxc6 5. O-O Ne7 6. Nxe5 Qd4 7. Qh5 g6 8.
Qg5 Bg7 9. Nd3 f5 10. e5 Qg4 11. Qe3 Nd5 12. Qe1 f4 13. f3 Qh5 14. Nc3 O-O 15.
b3 Nxc3 16. dxc3 g5 17. g4 fxg3 18. Qxg3 Bh3 19. Rf2 Rf5 20. Ba3 b6 21. Re1 c5
22. Bc1 Raf8 23. f4 Kh8 24. Bd2 Bh6 25. Qf3 gxf4 26. Qxh5 Rg8+ 27. Kh1 Rxh5 28.
e6 f3 29. Nf4 Bxf4 30. Bxf4 Bg2+ 31. Kg1 Kg7 32. Rd2 Kf6 33. e7 Bh3+ 34. Kf2
Re8 35. Bxc7 Kf7 36. Bxb6 Bg2 37. Bc7 Rxe7 38. Rxe7+ Kxe7 39. c4 Rh6 40. Rd5
Re6 41. Be5 h5 42. h4 Kf7 43. Rxc5 Kg6 44. Kg3 Bh1 45. a4 Re8 46. Kf2 Kf5 47.
Bg3+ Kf6 48. Kg1 Bg2 49. b4 Re2 50. c3 Ra2 51. Bf2 Rxa4 52. Rxh5 Ra2 53. b5
Ra1+ 54. Kh2 Bf1 55. bxa6 Bxc4 56. a7 1-0

[Event "11th Gibraltar Masters"]
[Site "Caleta ENG"]
[Date "2013.01.28"]
[Round "7.13"]
[White "Ibarra Jerez, JC."]
[Black "Muzychuk, A."]
[Result "1/2-1/2"]
[WhiteElo "2538"]
[BlackElo "2582"]
[PlyCount "88"]
[EventDate "2013.01.22"]
[SourceDate "1999.07.01"]

1. e4 e5 2. Nf3 Nc6 3. Bb5 a6 4. Bxc6 dxc6 5. O-O Bg4 6. h3 h5 7. d3 Qf6 8. Be3
Bxf3 9. Qxf3 Qxf3 10. gxf3 Bd6 11. Nd2 Ne7 12. Rfb1 Ng6 13. b4 f6 14. Kf1 Nh4
15. Ke2 g5 16. Nc4 Ng6 17. c3 Kd7 18. Rb2 Ke6 19. Rg1 b6 20. Rbb1 Rab8 21. Rb2
Rhd8 22. Rd1 Rd7 23. Rb3 Be7 24. Rd2 Rf8 25. Rd1 Ra8 26. Rb2 a5 27. b5 c5 28.
Rg1 Rad8 29. Rd2 Bf8 30. Rdd1 Bh6 31. Rg3 Rf8 32. Nd2 Rfd8 33. Nc4 Nf4+ 34.
Bxf4 exf4 35. Rg2 f5 36. Nb2 Kf6 37. a4 Ke6 38. Rgg1 Ke5 39. Nc4+ Kf6 40. Nb2
Rg8 41. d4 cxd4 42. cxd4 fxe4 43. fxe4 g4 44. hxg4 hxg4 1/2-1/2

[Event "TCh-HUN 2012-13"]
[Site "Szombathely HUN"]
[Date "2013.01.27"]
[Round "6"]
[White "Petrik, T."]
[Black "Acs, Peter"]
[Result "1-0"]
[WhiteElo "2529"]
[BlackElo "2586"]
[PlyCount "147"]
[EventDate "2012.09.16"]
[SourceDate "1999.07.01"]
[WhiteTeam "HVSE"]
[BlackTeam "ASE Paks"]

1. e4 e5 2. Nf3 Nc6 3. Bb5 a6 4. Bxc6 dxc6 5. O-O Qd6 6. Na3 Qe6 7. d4 Bxa3 8.
bxa3 exd4 9. Qxd4 Nf6 10. Bb2 O-O 11. Ne5 Qd6 12. Qe3 Ng4 13. Nxg4 Bxg4 14. f4
f6 15. f5 Rae8 16. Rae1 b6 17. Rf2 Bh5 18. h3 Qe7 19. e5 fxe5 20. Rd2 Qc5 21.
Qxc5 bxc5 22. g4 Bf7 23. Rxe5 Rxe5 24. Bxe5 Bd5 25. Bxc7 g6 26. Bd6 Rf7 27.
fxg6 hxg6 28. Bxc5 Rf3 29. Kh2 Kf7 30. Re2 Bxa2 31. Re7+ Kf6 32. Ra7 Bc4 33.
Bd4+ Ke6 34. Rg7 Kd5 35. Rd7+ Ke6 36. Rg7 Kd5 37. Rd7+ Ke6 38. Rg7 Kd5 39. Bb6
Rxa3 40. Rxg6 Rc3 41. h4 Rxc2+ 42. Kg3 Rb2 43. Ba5 Rb5 44. h5 Bd3 45. Rg7 Ke6
46. Bd2 Rd5 47. Rc7 c5 48. Bc3 Be2 49. Kf4 Rd3 50. Rxc5 Kd6 51. Re5 Rf3+ 52.
Kg5 Bb5 53. Bd4 Rd3 54. h6 Rh3 55. Kg6 Bd3+ 56. Kg7 Rh4 57. Rg5 Ke6 58. Bf2 Rh3
59. Rc5 Rf3 60. Rc6+ Ke5 61. Rc3 Ke6 62. Rc6+ Ke5 63. Bh4 Kf4 64. g5 Rh3 65.
Rd6 Be4 66. g6 Rxh4 67. h7 Kg5 68. Rxa6 Bf5 69. Ra1 Rb4 70. Rg1+ Bg4 71. h8=Q
Rb7+ 72. Kg8 Rb8+ 73. Kh7 Rxh8+ 74. Kxh8 1-0

[Event "TCh-SVK Extraliga 2012-13"]
[Site "Slovakia SVK"]
[Date "2013.01.19"]
[Round "5.5"]
[White "Petrik, T."]
[Black "Papp, Ga"]
[Result "0-1"]
[WhiteElo "2534"]
[BlackElo "2571"]
[PlyCount "136"]
[EventDate "2012.10.27"]
[SourceDate "1999.07.01"]
[WhiteTeam "MODRA sk"]
[BlackTeam "BRATISLAVA slovan"]

1. e4 e5 2. Nf3 Nc6 3. Bb5 a6 4. Bxc6 dxc6 5. O-O Qf6 6. d4 exd4 7. Bg5 Qd6 8.
Nxd4 Bd7 9. Nc3 Ne7 10. Nde2 Qxd1 11. Raxd1 O-O-O 12. Rd2 f6 13. Be3 Ng6 14. f3
Ne5 15. b3 Bb4 16. Rfd1 Rhe8 17. Kf2 c5 18. Bf4 c4 19. Kf1 cxb3 20. cxb3 Be6
21. Rc2 Rxd1+ 22. Nxd1 Rd8 23. Nb2 c6 24. Nc1 Ng6 25. Be3 Bd6 26. h3 f5 27.
Ncd3 fxe4 28. fxe4 Ne5 29. Nxe5 Bxe5 30. Ke2 Bf7 31. Nc4 Bc7 32. Rc3 Re8 33.
Kf3 Bg6 34. e5 Kd7 35. Bc5 b5 36. Nb6+ Ke6 37. Bb4 Kxe5 38. Nd7+ Kd4 39. Rc1
Re3+ 40. Kf2 Bg3+ 41. Kg1 Re2 42. Bc3+ Kd5 43. Rd1+ Ke6 44. Nc5+ Kf7 45. Rf1+
Kg8 46. a4 Bf7 47. Rf3 Bd6 48. Nxa6 bxa4 49. bxa4 Bd5 50. Rf2 Bh2+ 51. Kf1 Re3
52. Rc2 Bb3 53. Kf2 Bg1+ 54. Kxg1 Bxc2 55. Bd4 Re4 56. Bf2 Rxa4 57. Nc5 Rc4 58.
Kf1 Be4 59. g3 Bd5 60. Ke1 Rc2 61. h4 Kf7 62. Bd4 g6 63. Kd1 Rg2 64. Be5 Bf3+
65. Kc1 Bg4 66. Bf4 Bf5 67. Kd1 Ke7 68. Nb7 Ke6 0-1

[Event "Amplico ch-EUR Rapid"]
[Site "Warsaw POL"]
[Date "2012.12.16"]
[Round "8.10"]
[White "Popov, Val"]
[Black "Fedoseev, Vl3"]
[Result "1/2-1/2"]
[WhiteElo "2557"]
[BlackElo "2514"]
[PlyCount "109"]
[EventDate "2012.12.15"]
[SourceDate "1999.07.01"]

1. e4 e5 2. Nf3 Nc6 3. Bb5 a6 4. Bxc6 dxc6 5. O-O Qf6 6. d4 exd4 7. Bg5 Qd6 8.
Nxd4 c5 9. Ne2 Be6 10. Nbc3 h6 11. Bf4 Qc6 12. Nd5 O-O-O 13. c4 Nf6 14. Nec3
Ne8 15. a4 Rd7 16. Qf3 Kb8 17. Rfd1 g5 18. Be5 Rg8 19. Nb5 Bxd5 20. cxd5 Qg6
21. Nc3 Bd6 22. Bg3 Bxg3 23. hxg3 Nd6 24. Qe3 Re8 25. f3 f5 26. Re1 fxe4 27.
Nxe4 Nxe4 28. fxe4 Rxd5 29. exd5 Rxe3 30. Rxe3 Qc2 31. Rf1 Qxa4 32. Kh2 Qd4 33.
Re7 Qxd5 34. Rf8+ Ka7 35. Rxc7 Qe5 36. Rff7 Qxb2 37. Rxc5 Qb4 38. Rff5 Kb6 39.
Rce5 Qd6 40. Rd5 Qc6 41. Rd8 Kc7 42. Rdf8 Qe4 43. R5f7+ Kb6 44. Rf6+ Kc5 45.
Rc8+ Kb5 46. Rxh6 a5 47. Rg8 Qe3 48. Rh5 a4 49. Rgxg5+ Kc6 50. Rg6+ Kc7 51.
Rg7+ Kb6 52. Rg6+ Kc7 53. Rg7+ Kb6 54. Rg6+ Kc7 55. Rg7+ 1/2-1/2

[Event "TCh-NED Meesterklasse 2012-13"]
[Site "Netherland NED"]
[Date "2012.11.24"]
[Round "4.3"]
[White "Orlov, And"]
[Black "Bok, B."]
[Result "1/2-1/2"]
[WhiteElo "2542"]
[BlackElo "2525"]
[PlyCount "56"]
[EventDate "2012.09.15"]
[SourceDate "1999.07.01"]
[WhiteTeam "Voerendaal"]
[BlackTeam "HMC Calder"]

1. e4 e5 2. Nf3 Nc6 3. Bb5 a6 4. Bxc6 dxc6 5. O-O Bg4 6. h3 h5 7. d3 Qf6 8. Re1
Bxf3 9. Qxf3 Qxf3 10. gxf3 Bd6 11. Be3 Ne7 12. Nd2 c5 13. a4 a5 14. Nc4 Nc6 15.
c3 Rd8 16. Kf1 b6 17. Ke2 f6 18. Rad1 Kf7 19. Rg1 Rhe8 20. Bd2 Rd7 21. Rb1 Nd8
22. Be3 Ne6 23. Rgd1 Bf8 24. Rd2 Red8 25. Rdd1 g6 26. Rd2 Bg7 27. Rg1 f5 28.
Rdd1 Bf6 1/2-1/2

[Event "TCh-SVK Extraliga 2012-13"]
[Site "Slovakia SVK"]
[Date "2012.10.28"]
[Round "2.3"]
[White "Petrik, T."]
[Black "Hracek, Z."]
[Result "1/2-1/2"]
[WhiteElo "2534"]
[BlackElo "2612"]
[PlyCount "87"]
[EventDate "2012.10.27"]
[SourceDate "1999.07.01"]
[WhiteTeam "MODRA sk"]
[BlackTeam "TRENCIN pk"]

1. e4 e5 2. Nf3 Nc6 3. Bb5 a6 4. Bxc6 dxc6 5. O-O Be6 6. Nxe5 Qd4 7. Nf3 Qxe4
8. Ng5 Qf5 9. Nxe6 fxe6 10. d3 Nf6 11. Qe2 O-O-O 12. Nc3 Bc5 13. Be3 Bd6 14.
Bd2 Rhf8 15. Rae1 Ng4 16. g3 Rde8 17. Ne4 Qh5 18. f3 Nf6 19. Kg2 Nxe4 20. Qxe4
Rf6 21. Qg4 Qxg4 22. fxg4 Rxf1 23. Rxf1 Rf8 24. Rxf8+ Bxf8 25. Kf3 Bd6 26. Bc3
g6 27. Ke4 Kd7 28. Bd2 Ke7 29. Bf4 Kf6 30. h4 c5 31. Bg5+ Kf7 32. Kf3 Kf8 33.
Bh6+ Kf7 34. Bg5 Kf8 35. Be3 Kf7 36. b3 Kf6 37. Bd2 Kf7 38. Bg5 Kf8 39. Bh6+
Kf7 40. Bg5 Kf8 41. Bf4 Kf7 42. Ke4 Kf6 43. a4 Ke7 44. Bg5+ 1/2-1/2

[Event "TCh-ISL 2012-13"]
[Site "Reykjavik ISL"]
[Date "2012.10.05"]
[Round "1.3"]
[White "Oleksienko, M."]
[Black "Socko, B."]
[Result "1-0"]
[WhiteElo "2539"]
[BlackElo "2619"]
[PlyCount "105"]
[EventDate "2012.10.05"]
[SourceDate "1999.07.01"]
[WhiteTeam "Taflfelag Reykjavikur A"]
[BlackTeam "Vikingaklubburinn A"]

1. e4 e5 2. Nf3 Nc6 3. Bb5 a6 4. Bxc6 dxc6 5. O-O f6 6. d4 exd4 7. Nxd4 c5 8.
Ne2 Qxd1 9. Rxd1 Bd7 10. Nbc3 O-O-O 11. Be3 Re8 12. Rd2 Bc6 13. Rad1 b6 14. a4
Ne7 15. a5 Ng6 16. axb6 cxb6 17. h3 Be7 18. Ng3 Ne5 19. b3 g6 20. Nd5 Bd8 21.
c4 Nf7 22. f3 f5 23. Bf2 fxe4 24. Nxe4 Kb7 25. b4 cxb4 26. Nxb4 Be7 27. c5 Bxe4
28. Rd7+ Ka8 29. cxb6 Bxb4 30. Ra7+ Kb8 31. Rxf7 Re7 32. Rxe7 Bxe7 33. Rd7 Bb7
34. Rxe7 h6 35. Be3 g5 36. Re6 Bc8 37. Re7 Rd8 38. f4 Rd7 39. Rxd7 Bxd7 40.
fxg5 hxg5 41. Bxg5 a5 42. Kf2 a4 43. g4 a3 44. Kg3 Kb7 45. Be3 a2 46. Bd4 a1=Q
47. Bxa1 Kxb6 48. h4 Kc6 49. h5 Be8 50. h6 Bg6 51. Kf4 Kd7 52. Kg5 Bd3 53. Kf6
1-0

[Event "TCh-SRB Prem 2012"]
[Site "Valjevo SRB"]
[Date "2012.09.17"]
[Round "1.3"]
[White "Solak, D."]
[Black "Sargissian, G."]
[Result "1/2-1/2"]
[WhiteElo "2599"]
[BlackElo "2693"]
[PlyCount "170"]
[EventDate "2012.09.17"]
[SourceDate "1999.07.01"]
[WhiteTeam "Novosadski SK DDOR"]
[BlackTeam "SK Vodovod Kragujevac"]

1. e4 e5 2. Nf3 Nc6 3. Bb5 a6 4. Bxc6 dxc6 5. O-O Bg4 6. h3 h5 7. d3 Qf6 8.
Nbd2 Ne7 9. Re1 Ng6 10. d4 Nf4 11. hxg4 hxg4 12. g3 gxf3 13. Qxf3 Ne6 14. dxe5
Qxe5 15. Nb3 Bd6 16. Qf5 Qb5 17. Be3 g6 18. Qxb5 axb5 19. f4 Ra4 20. e5 Be7 21.
a3 Ng7 22. Nd4 Bc5 23. Rad1 g5 24. fxg5 Bxd4 25. Rxd4 Rxd4 26. Bxd4 Ne6 27. Be3
Rg8 28. Kg2 Nxg5 29. Bxg5 Rxg5 30. Kf3 Rf5+ 31. Kg2 Ke7 32. g4 Rf4 33. Kg3 Rd4
34. Re2 Ke6 35. c3 Rd1 36. Kf4 c5 37. Rh2 Rf1+ 38. Ke4 Re1+ 39. Kf4 Rxe5 40.
Rh6+ f6 41. Rh5 Re2 42. Rxc5 c6 43. b4 Ra2 44. g5 fxg5+ 45. Rxg5 Re2 46. Kf3
Re1 47. Kf2 Re4 48. Rc5 Kd6 49. Rh5 Re6 50. Rh4 Re5 51. Rd4+ Kc7 52. Rd3 Re8
53. Rd2 Ra8 54. Ra2 b6 55. Ke3 c5 56. Kd3 c4+ 57. Ke4 Re8+ 58. Kd4 Rd8+ 59. Ke4
Ra8 60. Kd5 Kb7 61. Ra1 Rh8 62. Rg1 Rd8+ 63. Ke5 Rd3 64. Rc1 Kc6 65. Rc2 Kd7
66. Rc1 Re3+ 67. Kd5 Rh3 68. Ke5 Kc6 69. Rc2 Rh1 70. Rf2 Rh3 71. Rc2 Rf3 72.
Rc1 Rf2 73. Rg1 Re2+ 74. Kf4 Ra2 75. Rg6+ Kb7 76. Rg7+ Ka6 77. Rg8 Rc2 78. Rg3
Re2 79. Re3 Ra2 80. Ke5 Rd2 81. Rf3 Rd7 82. Ke4 Kb7 83. Rf5 Ka6 84. Rf3 Re7+
85. Kd4 Rd7+ 1/2-1/2

[Event "40th Olympiad Open"]
[Site "Istanbul TUR"]
[Date "2012.09.06"]
[Round "9.11"]
[White "Kasimdzhanov, R."]
[Black "Beliavsky, A."]
[Result "1/2-1/2"]
[WhiteElo "2684"]
[BlackElo "2609"]
[PlyCount "75"]
[EventDate "2012.08.28"]
[SourceDate "1999.07.01"]
[WhiteTeam "Uzbekistan"]
[BlackTeam "Slovenia"]
[WhiteTeamCountry "IOM"]
[BlackTeamCountry "ZAR"]

1. e4 e5 2. Nf3 Nc6 3. Bb5 a6 4. Bxc6 dxc6 5. O-O f6 6. d4 exd4 7. Nxd4 c5 8.
Nb3 Qxd1 9. Rxd1 Be6 10. Bf4 c4 11. Nd4 O-O-O 12. Nc3 Bf7 13. Nf5 Rxd1+ 14.
Rxd1 Ne7 15. Ne3 Ng6 16. Bg3 Bc5 17. Nf5 h5 18. h4 Bf8 19. Nd5 Ne5 20. Nde7+
Bxe7 21. Nxe7+ Kb8 22. Nf5 g6 23. Bxe5 fxe5 24. Ng3 Kc8 25. f3 Re8 26. c3 Re6
27. Kf2 Rd6 28. Ke2 Kd7 29. Nh1 Ke7 30. Nf2 Be6 31. Ke3 Kf6 32. g4 hxg4 33.
Nxg4+ Bxg4 34. Rxd6+ cxd6 35. fxg4 g5 36. h5 b5 37. Kd2 a5 38. Ke3 1/2-1/2

[Event "40th Olympiad Open"]
[Site "Istanbul TUR"]
[Date "2012.08.29"]
[Round "2.14"]
[White "Filippov, An UZB"]
[Black "Saric, Iv"]
[Result "1-0"]
[WhiteElo "2617"]
[BlackElo "2638"]
[PlyCount "159"]
[EventDate "2012.08.28"]
[SourceDate "1999.07.01"]
[WhiteTeam "Uzbekistan"]
[BlackTeam "Croatia"]
[WhiteTeamCountry "IOM"]
[BlackTeamCountry "FRM"]

1. e4 e5 2. Nf3 Nc6 3. Bb5 a6 4. Bxc6 dxc6 5. O-O Bg4 6. h3 h5 7. d3 Qf6 8. Be3
Bxf3 9. Qxf3 Qxf3 10. gxf3 Bd6 11. Nd2 Ne7 12. Rfb1 c5 13. Kf1 Nc6 14. c3 f6
15. Nc4 Be7 16. a4 g5 17. a5 Kf7 18. Ke2 Rhb8 19. h4 gxh4 20. f4 Rg8 21. Rh1
Rg4 22. f5 Rag8 23. f3 Rg2+ 24. Bf2 Rh8 25. Rxh4 Rg7 26. Rah1 Rgh7 27. Be3 Bd6
28. Kf2 Kf8 29. Kg3 Rg7+ 30. Kf2 Rgh7 31. Kg3 Rg7+ 32. Rg4 Kf7 33. Rxg7+ Kxg7
34. Kh4 Kf7 35. Rg1 Ne7 36. Kh3 Rd8 37. Bh6 Rh8 38. Rg7+ Ke8 39. Be3 Kf8 40.
Rg1 Kf7 41. Kh4 Nc6 42. Ra1 Be7 43. Kg3 Rg8+ 44. Kf2 Rd8 45. Ke2 Bd6 46. Rg1
Ne7 47. Bf2 Rh8 48. Bh4 Rh6 49. Be1 Rh8 50. Bd2 h4 51. Kf2 Nc6 52. Kg2 Be7 53.
Be3 h3+ 54. Kh2 Rd8 55. Rd1 Rh8 56. Bf2 Bf8 57. Ra1 Bd6 58. Ra3 Bf8 59. Rb3 Nd8
60. Bg3 Bh6 61. d4 cxd4 62. cxd4 exd4 63. Bxc7 Ke7 64. Bg3 Bc1 65. Nb6 Bd2 66.
Nd5+ Kf7 67. Rb6 d3 68. Rxf6+ Ke8 69. Rd6 Bxa5 70. Nf6+ Kf8 71. Rxd3 Nf7 72.
Rd7 Rh6 73. e5 Ng5 74. Rd3 Bc7 75. f4 Rxf6 76. exf6 Ne4 77. Rd7 Bd6 78. Rxb7 a5
79. Kxh3 Nxf6 80. Ra7 1-0

[Event "40th Olympiad Open"]
[Site "Istanbul TUR"]
[Date "2012.08.31"]
[Round "4.11"]
[White "Solak, D."]
[Black "Saric, Iv"]
[Result "1/2-1/2"]
[WhiteElo "2599"]
[BlackElo "2638"]
[PlyCount "135"]
[EventDate "2012.08.28"]
[SourceDate "1999.07.01"]
[WhiteTeam "Turkey"]
[BlackTeam "Croatia"]
[WhiteTeamCountry "GAB"]
[BlackTeamCountry "FRM"]

1. e4 e5 2. Nf3 Nc6 3. Bb5 a6 4. Bxc6 dxc6 5. O-O Bg4 6. h3 h5 7. d3 Qf6 8.
Nbd2 Ne7 9. Re1 Ng6 10. d4 Bd6 11. hxg4 hxg4 12. Nh2 Rxh2 13. Qxg4 Qh4 14. Qxh4
Rxh4 15. Nf3 Rh5 16. Be3 O-O-O 17. g3 f5 18. exf5 Rxf5 19. Kg2 Rdf8 20. Nxe5
Bxe5 21. dxe5 Nxe5 22. Bc5 R8f7 23. Re4 b6 24. Be3 Nd7 25. Rf4 Rxf4 26. Bxf4
Nf6 27. Re1 Nd5 28. Bg5 b5 29. Re8+ Kd7 30. Ra8 Rf5 31. Bd2 Nf6 32. Rxa6 Rc5
33. c3 Rd5 34. Be3 Ng4 35. Kf3 Nxe3 36. Kxe3 Re5+ 37. Kf3 Rf5+ 38. Ke3 Re5+ 39.
Kf3 Rf5+ 40. Kg2 Rd5 41. a4 g5 42. Ra5 Kd6 43. axb5 cxb5 44. c4 bxc4 45. Rxd5+
Kxd5 46. f4 gxf4 47. gxf4 Ke4 48. Kg3 c5 49. Kg4 Kd3 50. f5 Kc2 51. f6 Kxb2 52.
f7 c3 53. f8=Q c2 54. Qb8+ Ka2 55. Qa8+ Kb2 56. Qb7+ Ka2 57. Qa6+ Kb2 58. Qb5+
Ka2 59. Qe2 Kb1 60. Qd3 Kb2 61. Qd2 Kb1 62. Qd3 Kb2 63. Qb5+ Ka2 64. Qxc5 Kb2
65. Qb4+ Ka2 66. Qc3 Kb1 67. Qb3+ Ka1 68. Qxc2 1/2-1/2

[Event "ZMDI Open A 2012"]
[Site "Dresden GER"]
[Date "2012.08.25"]
[Round "8"]
[White "Oleksienko, M."]
[Black "Ganguly, S."]
[Result "1/2-1/2"]
[WhiteElo "2535"]
[BlackElo "2629"]
[PlyCount "108"]
[EventDate "2012.08.18"]
[SourceDate "1999.07.01"]

1. e4 e5 2. Nf3 Nc6 3. Bb5 a6 4. Bxc6 dxc6 5. O-O f6 6. d4 exd4 7. Nxd4 c5 8.
Ne2 Qxd1 9. Rxd1 Bd7 10. Nbc3 O-O-O 11. Be3 Re8 12. Rd2 Bc6 13. Rad1 b6 14. a4
Kb7 15. a5 Ne7 16. axb6 cxb6 17. Ng3 g6 18. h4 Bg7 19. h5 f5 20. Bg5 Rhf8 21.
Nd5 Nxd5 22. exd5 Bd7 23. hxg6 hxg6 24. b3 Bc3 25. Rd3 Bd4 26. R3d2 Bc3 27. Rd3
Bd4 28. R3d2 f4 29. Ne2 Be5 30. d6 f3 31. gxf3 Rxf3 32. Rd5 Rh3 33. Nf4 Bxf4
34. Bxf4 Bc6 35. d7 Reh8 36. Kf1 Rh1+ 37. Ke2 Rxd1 38. Rxd1 Rd8 39. Bg5 Rxd7
40. Rxd7+ Bxd7 41. Kd2 Kc6 42. Kc3 a5 43. Kb2 b5 44. Bd8 a4 45. bxa4 bxa4 46.
Be7 Kd5 47. Ka3 Kc4 48. c3 Bc6 49. Bf8 g5 50. Be7 g4 51. Bf8 Kd5 52. Be7 c4 53.
Bf6 Ke4 54. Bd4 Kd3 1/2-1/2

[Event "45th Biel Masters Open"]
[Site "Biel SUI"]
[Date "2012.08.03"]
[Round "11"]
[White "Vachier Lagrave, M."]
[Black "Wen Yang"]
[Result "1/2-1/2"]
[WhiteElo "2686"]
[BlackElo "2569"]
[PlyCount "83"]
[EventDate "2012.07.23"]
[SourceDate "1999.07.01"]

1. e4 e5 2. Nf3 Nc6 3. Bb5 a6 4. Bxc6 dxc6 5. O-O Bd6 6. d4 exd4 7. Qxd4 f6 8.
Be3 Ne7 9. Nbd2 Be6 10. Qc3 Ng6 11. Nd4 Qe7 12. Nxe6 Qxe6 13. Qb3 Qxb3 14. axb3
O-O-O 15. Rfd1 Rhe8 16. f3 h5 17. g3 Ne5 18. Kg2 g5 19. Bd4 g4 20. f4 Nd7 21.
Bc3 Bc5 22. Re1 Nb6 23. Ra5 Bd4 24. Bxd4 Rxd4 25. Re2 Rd5 26. Ra1 Rd6 27. Kf2
Nd7 28. Ra5 c5 29. Ra1 Nb8 30. e5 Rde6 31. Rae1 f5 32. Nc4 Nc6 33. Rd2 Nd4 34.
Red1 h4 35. c3 hxg3+ 36. hxg3 Nxb3 37. Rd7 Rh6 38. Rf7 Rh2+ 39. Ke3 b5 40. Rdd7
bxc4 41. Rxc7+ Kb8 42. Rb7+ 1/2-1/2

[Event "Politiken Cup 2012"]
[Site "Helsingor DEN"]
[Date "2012.08.02"]
[Round "7.4"]
[White "Timman, J."]
[Black "Sokolov, Ivan"]
[Result "1/2-1/2"]
[WhiteElo "2575"]
[BlackElo "2676"]
[PlyCount "33"]
[EventDate "2012.07.28"]
[SourceDate "1999.07.01"]

1. e4 e5 2. Nf3 Nc6 3. Bb5 a6 4. Bxc6 dxc6 5. O-O Be6 6. Nxe5 Qd4 7. Nf3 Qxe4
8. Ng5 Qf5 9. Nxe6 fxe6 10. d3 Nf6 11. Nd2 O-O-O 12. Qe2 Bc5 13. Nf3 e5 14.
Qxe5 Qxe5 15. Nxe5 Rhe8 16. Nc4 Ng4 17. Ne3 1/2-1/2

[Event "45th Biel Masters Open"]
[Site "Biel SUI"]
[Date "2012.07.26"]
[Round "4"]
[White "Vachier Lagrave, M."]
[Black "Roiz, M."]
[Result "1/2-1/2"]
[WhiteElo "2686"]
[BlackElo "2615"]
[PlyCount "30"]
[EventDate "2012.07.23"]
[SourceDate "1999.07.01"]

1. e4 e5 2. Nf3 Nc6 3. Bb5 a6 4. Bxc6 dxc6 5. O-O Bd6 6. d4 exd4 7. Qxd4 f6 8.
Be3 Ne7 9. Nbd2 Be6 10. Rad1 Ng6 11. Nc4 Bxc4 12. Qxc4 Qe7 13. Rd3 O-O-O 14.
Re1 Rhe8 15. Bc1 c5 1/2-1/2

[Event "45th Biel Masters Open"]
[Site "Biel SUI"]
[Date "2012.07.26"]
[Round "4"]
[White "Maze, S."]
[Black "Postny, E."]
[Result "1/2-1/2"]
[WhiteElo "2573"]
[BlackElo "2653"]
[PlyCount "67"]
[EventDate "2012.07.23"]
[SourceDate "1999.07.01"]

1. e4 e5 2. Nf3 Nc6 3. Bb5 a6 4. Bxc6 dxc6 5. O-O Qf6 6. d3 Ne7 7. Bg5 Qe6 8.
d4 f6 9. Bh4 Ng6 10. Bg3 Bd6 11. Nbd2 Bd7 12. c4 h5 13. h4 c5 14. dxe5 fxe5 15.
Ng5 Qg8 16. Qc2 O-O-O 17. Ndf3 Bg4 18. Rad1 Qe8 19. Rd3 Rf8 20. Rfd1 Be7 21.
Rxd8+ Bxd8 22. Rd5 Bxf3 23. Nxf3 c6 24. Rd3 Bf6 25. Qd2 Qe7 26. Qa5 Re8 27. Qb6
Nxh4 28. Bxh4 Bxh4 29. Nxh4 Qxh4 30. Rb3 Qe7 31. Qa7 Qc7 32. Rd3 Qe7 33. Rb3
Qc7 34. Rd3 1/2-1/2

[Event "ch-PHI Grand Final 2012"]
[Site "Boracay PHI"]
[Date "2012.07.17"]
[Round "4.8"]
[White "Antonio, R."]
[Black "Barcenilla, R."]
[Result "1/2-1/2"]
[WhiteElo "2548"]
[BlackElo "2501"]
[PlyCount "61"]
[EventDate "2012.07.15"]
[SourceDate "1999.07.01"]

1. e4 e5 2. Nf3 Nc6 3. Bb5 a6 4. Bxc6 dxc6 5. d3 Bd6 6. b3 Ne7 7. Bb2 Ng6 8.
Nbd2 Be6 9. Nc4 f6 10. Ne3 c5 11. Nd2 Qd7 12. a4 a5 13. Ndc4 b6 14. g3 h5 15.
h4 O-O-O 16. Qe2 Kb8 17. O-O-O Ne7 18. Nxd6 Qxd6 19. Nc4 Qd7 20. Rd2 Bxc4 21.
dxc4 Qxd2+ 22. Qxd2 Rxd2 23. Kxd2 Kc8 24. Ke2 Kd7 25. Rd1+ Ke6 26. Bc1 Nc6 27.
c3 Rd8 28. Rxd8 Nxd8 29. f3 Nc6 30. Bd2 g6 31. Kd3 1/2-1/2

[Event "Turkish Bank Chess League 2012"]
[Site "Konya TUR"]
[Date "2012.07.19"]
[Round "10"]
[White "Solak, D."]
[Black "Agamaliev, G."]
[Result "1/2-1/2"]
[WhiteElo "2589"]
[BlackElo "2518"]
[PlyCount "40"]
[EventDate "2012.07.11"]
[SourceDate "1999.07.01"]
[WhiteTeam "Besiktas Jimnastik"]
[BlackTeam "Istanbul Pera"]

1. e4 e5 2. Nf3 Nc6 3. Bb5 a6 4. Bxc6 dxc6 5. O-O Bd6 6. d4 exd4 7. Qxd4 f6 8.
Be3 Ne7 9. Nbd2 Be6 10. Qc3 O-O 11. Nc4 Qe8 12. Rad1 Rd8 13. Nd4 Bc8 14. Qb3
Qf7 15. Rd2 Ng6 16. Nxd6 cxd6 17. Rfd1 Rde8 18. Qxf7+ Rxf7 19. Nb3 Rxe4 20.
Rxd6 Re8 1/2-1/2

[Event "Turkish Bank Chess League 2012"]
[Site "Konya TUR"]
[Date "2012.07.11"]
[Round "1"]
[White "Solak, D."]
[Black "Kasimdzhanov, R."]
[Result "1/2-1/2"]
[WhiteElo "2589"]
[BlackElo "2690"]
[PlyCount "56"]
[EventDate "2012.07.11"]
[SourceDate "1999.07.01"]
[WhiteTeam "Besiktas Jimnastik"]
[BlackTeam "Istanbul ISEK Aquamatch"]

1. e4 e5 2. Nf3 Nc6 3. Bb5 a6 4. Bxc6 dxc6 5. O-O f6 6. d4 exd4 7. Nxd4 c5 8.
Nb3 Qxd1 9. Rxd1 Bg4 10. f3 Be6 11. Bf4 c4 12. Nd4 O-O-O 13. Nc3 Bf7 14. Nf5
Rxd1+ 15. Rxd1 g6 16. Ne3 Bc5 17. Kf2 Ne7 18. Ke2 Rd8 19. Rxd8+ Kxd8 20. Ng4
Ng8 21. Nh6 Nxh6 22. Bxh6 b5 23. a3 Kd7 24. Bf4 h5 25. g4 hxg4 26. fxg4 g5 27.
Bg3 c6 28. h4 gxh4 1/2-1/2